000
00411nam a2200145Ia 4500
008
100204s9999 xx 000 0 und d
082
_b
182
100
_a
इनामदार ना.स.
245
_a
झेप
260
_b
"कॉन्टीनेंटल बुक सर्व्हिस, पुणे"
_c
"1975,5"
300
_a
374
630
_a
झेप
730
_a
झेप
942
_c
BOOK
999
_c
445379
_d
445376